Capital qui commence et se termine par une consonne - Statistiques

Statistiques générales
  • Ce quiz a été pris 166 fois
    161 depuis la dernière actualisation
  • Le résultat moyen est 41 sur 67
Statistiques - réponses
Capitale % Correct
Paris
97%
Washington
93%
Madrid
92%
Rabat
90%
Londres
89%
Pékin
86%
Tunis
86%
Dublin
85%
Bucarest
83%
Budapest
83%
Berlin
82%
Stockholm
80%
Bruxelles
79%
Vilnius
77%
Buenos Aires
76%
Wellington
75%
Zagreb
75%
Luxembourg
74%
Tallinn
74%
Reykjavik
73%
Kiev
72%
Damas
71%
Minsk
71%
Bagdad
70%
Caracas
69%
Vaduz
69%
Jerusalem
68%
Kingston
68%
Kingstown
68%
Seoul
68%
Téhéran
68%
Dakar
67%
Pyongyang
67%
Bangkok
66%
Cité du Vatican
66%
Saint-Marin
64%
Riyad
63%
Khartoum
61%
Kaboul
60%
Singapour
60%
Beyrouth
58%
La Paz
56%
Nouakchott
56%
Phnom Penh
54%
Freetown
53%
Le Cap
52%
Kuala Lumpur
51%
Windhoek
51%
Georgetown
50%
Koweït
50%
Tachkent
50%
Bichkek
48%
San Salvador
47%
Belmopan
46%
Port-Louis
44%
St. John's
42%
Bandar Seri Begawan
40%
Banjul
38%
Bridgetown
37%
Castries
36%
Saint-Georges
34%
Naypyidaw
26%
Yaren
25%
Palikir
23%
Bloemfontein
21%
Ngerulmud
21%
Tarawa-Sud
5%
Aucun quiz correspondant
Distribution des résultats
% des personnes avec chaque résultat
Percentile par nombre de réponses
Votre historique - résultats
Vous n’avez pas pris ce quiz depuis la dernière actualisation